[Event "Sabaneta op-B 1st"]
[Site "Sabaneta"]
[Date "2022.11.28"]
[Round "5"]
[White "Gutierrez Torres, Christopher"]
[Black "Guzman Guacas, Daniel Stiven"]
[Result "1-0"]
[WhiteElo "1600"]
[BlackElo "1381"]
[PlyCount "85"]
[EventDate "2022.11.25"]
[EventType "swiss"]
[EventRounds "8"]
[EventCountry "COL"]
[SourceTitle "CBM 211 Extra"]
[Source "ChessBase"]
[SourceDate "2023.01.31"]
[SourceVersion "1"]
[SourceVersionDate "2023.01.31"]
[SourceQuality "1"]

1. d4 d5 2. c4 e6 3. Nf3 Nf6 4. g3 Nbd7 5. cxd5 exd5 6. Bg2 Bb4+ 7. Bd2 Bxd2+ 8. Nbxd2 0-0 9. 0-0 c6 10. Qc2 Re8 11. Rfe1 Nf8 12. e4 dxe4 13. Nxe4 Nxe4 14. Rxe4 Rxe4 15. Qxe4 Be6 16. a3 Bd5 17. Qe3 Bxf3 18. Bxf3 Qd6 19. Rd1 Rd8 20. d5 c5 21. Re1 Ng6 22. h4 Kf8 23. h5 Ne7 24. Rd1 Nf5 25. Qd2 Nd4 26. Bg2 b6 27. Kf1 a5 28. Qd3 g6 29. hxg6 hxg6 30. Re1 Re8 31. Rxe8+ Kxe8 32. Qe4+ Qe7 33. Qd3 Kf8 34. Qa6 Qd6 35. Qd3 Kg7 36. f4 Nf5 37. Bh3 Nd4 38. Qe4 Kf8 39. Kf2 b5 40. Qe5 Qxe5 41. fxe5 b4 42. Bf1 Ke7 43. Ke3 1-0